<?xml version="1.0" encoding="UTF-8"?>
<record
    xmlns:xsi="http://www.w3.org/2001/XMLSchema-instance"
    xsi:schemaLocation="http://www.loc.gov/MARC21/slim http://www.loc.gov/standards/marcxml/schema/MARC21slim.xsd"
    xmlns="http://www.loc.gov/MARC21/slim">

  <leader>01253nam a2200181   4500</leader>
  <controlfield tag="005">20260522140810.0</controlfield>
  <datafield tag="020" ind1=" " ind2=" ">
    <subfield code="a">9788198930798</subfield>
  </datafield>
  <datafield tag="082" ind1=" " ind2=" ">
    <subfield code="a">025 SUR/TRA</subfield>
  </datafield>
  <datafield tag="084" ind1=" " ind2=" ">
    <subfield code="2">Colon Classification</subfield>
  </datafield>
  <datafield tag="245" ind1=" " ind2=" ">
    <subfield code="a">Transforming Library and information Services In The Emerging ICT Era;</subfield>
    <subfield code="b">Navigating TheRole of Library and Information Science professionals</subfield>
    <subfield code="c">Surendar Kumar; Akshay Kumar; Shefali Goswamy; Mayank Jain</subfield>
  </datafield>
  <datafield tag="260" ind1=" " ind2=" ">
    <subfield code="a">New Delhi</subfield>
    <subfield code="b">Ess Ess Publications</subfield>
    <subfield code="c">2026</subfield>
  </datafield>
  <datafield tag="300" ind1=" " ind2=" ">
    <subfield code="a">xi, 384p. </subfield>
  </datafield>
  <datafield tag="505" ind1=" " ind2=" ">
    <subfield code="a">Lifelong learning: Shaping Library Professionals through Educational and Development-- Open Educational Resources Initiatives in India---The Future of Digital Preservation--Innovative and Emerging Technology Uses in Libraries--Sustainable Library Practices and Green Information Management--A Pathway towards Eco-Conscious Knowledge Institutions--Use of Artificial Intelligence in Traditional as well as Digital Libraries--Cyber Security Laws in India--An Overview--- Digital Preservation In Artificial Intelligence and the path Forward--AI for Cyber Security in Libraries; Protecting Digital nInformation and User Privacy</subfield>
  </datafield>
  <datafield tag="700" ind1=" " ind2=" ">
    <subfield code="a">Akshay, Kumar</subfield>
    <subfield code="9">14938</subfield>
  </datafield>
  <datafield tag="700" ind1=" " ind2=" ">
    <subfield code="a">Shefali,Goswami</subfield>
    <subfield code="9">14939</subfield>
  </datafield>
  <datafield tag="700" ind1=" " ind2=" ">
    <subfield code="a">Jain, Mayank</subfield>
    <subfield code="9">14940</subfield>
  </datafield>
  <datafield tag="942" ind1=" " ind2=" ">
    <subfield code="2">ddc</subfield>
    <subfield code="c">BK</subfield>
  </datafield>
  <datafield tag="999" ind1=" " ind2=" ">
    <subfield code="c">759763</subfield>
    <subfield code="d">759763</subfield>
  </datafield>
</record>
